01403nam a2200361Ia 4500001001200000003000800012006001900020007001500039008004100054010001700095020001800112020001800130040002100148035002100169050002500190082001600215245011200231260005800343300003200401490005200433504005100485533015200536650002000688650001600708650002100724655002900745700003000774700002800804710001700832830004900849856012600898999001701024ebr10622914CaPaEBRm u cr cn|||||||||040225s2004 cauab sb 001 0 eng d z 2004004532 z9780817945336 z9780817945329 aCaPaEBRcCaPaEBR a(OCoLC)65501899214aHB871b.P6695 2004eb04a304.6/222200aPopulation puzzleh[electronic resource] :bboom or bust? /cedited by Laura E. Huggins and Hanna Skandera. aStanford, Calif. :bHoover Institution Press,cc2004. axxvi, 425 p. :bill., maps.1 aHoover Institution Press publication ;vno. 529 aIncludes bibliographical references and index. aElectronic reproduction.bPalo Alto, Calif. :cebrary,d2011.nAvailable via World Wide Web.nAccess may be limited to ebrary affiliated libraries. 0aOverpopulation. 0aPopulation. 0aQuality of life. 7aElectronic books.2local1 aHuggins, Laura E.,d1976-1 aSkandera, Hanna,d1973-2 aebrary, Inc. 0aHoover Institution Press publication ;v529.40uhttp://site.ebrary.com/lib/rucke/Doc?id=10622914zAn electronic book accessible through the World Wide Web; click to view c56357d56357